ბათუმის შოთა რუსთაველის სახელმწიფო უნივერსიტეტის ბიბლიოთეკა

საბჭოთა აჭარა / (ბიბ.ჩანაწერი № 38290)

000 -ლიდერი
ფიქსირებული სიგრძის საკონტროლო ველი 00733nam a2200217Ia 4500
001 - საკონტროლო ნომერი
საკონტროლო ველი 4300
003 - საკონტროლო ნომრის იდენტიფიკატორი
საკონტროლო ველი GE_BSU
005 - ბოლო ოპერაციის თარიღი და დრო
საკონტროლო ველი 20191010114053.0
008 - ფიქსირებული სიგრძის მონაცემთა ელემენტები - ზოგადი ინფორმაცია
ფიქსირებული სიგრძის საკონტროლო ველი 181216s1977||||ge |||||||||||||| ||geo||
040 ## - კატალოგიზაციის წყარო
Transcribing agency GE_BSU
041 ## - ენის კოდი
Language code of text/sound track or separate title geo
080 ## - უნივერსალური ათობითი კლასიფიკაციის ინდექსი
Universal Decimal Classification number 304(479.223) პ-18
100 ## - მთავარი ჩანაწერი - პიროვნების სახელი
Personal name პაპუნიძე, ვ.
9 (RLIN) 2537
245 ## - ცნობა სათაურის შესახებ
Title საბჭოთა აჭარა /
Statement of responsibility, etc რედ. რ. ჩოჩიევი.
264 ## - წარმოების, გამოცემის, დისტრიბუციის და სხვა ცნობები
გამოცემის, წარმოების, დისტრიბუციის... ადგილი თბ. :
გამოცემის, წარმოების, დისტრიბუციის... სახელწოდება ცოდნა,
გამოცემის, წარმოების, დისტრიბუციის... თარიღი 1977.
300 ## - ფიზიკური აღწერა
Extent 48 გვ.;
Other physical details 20 სმ.
490 ## - სერიის ცნობა
Series statement სერია 7
653 ## - INDEX TERM--UNCONTROLLED
Uncontrolled term კომუნისტური მშენებლობა აჭარაში
700 ## - ADDED ENTRY--PERSONAL NAME
Personal name ჩოჩიევი, რ.
Relator term რედაქტორი
9 (RLIN) 4664
942 ## - ADDED ENTRY ELEMENTS (KOHA)
Koha item type წიგნი
Source of classification or shelving scheme
ეგზემპლარები
ჩამოწერის სტატუსი დაკარგული ეგზემპლარის სტატუსი კლასიფიკაციის წყარო ან თაროზე გაწყობის სქემა დაზიანების სტატუსი არ გაიცემა მუდმივი მდებარეობა (დაცვის ადგილი) ამჟამინდელი ადგილსამყოფელი თაროზე განთავსების ადგილი შეძენის თარიღი ღირებულება, შესყიდვის ნორმალური ფასი სრული შენახვის შიფრი შტრიხკოდი ბოლო ოპერაციის თარიღი ეგზემპლარის მიმდევრობითი ნომერი (კეტერი?) ფასის ძალაში შესვლის თარიღი ეგზემპლარის სახეობა საჯარო შენიშვნა
          ბათუმის შოთა რუსთაველის სახელმწიფო უნივერსიტეტის მთავარი ბიბლიოთეკა ბათუმის შოთა რუსთაველის სახელმწიფო უნივერსიტეტის მთავარი ბიბლიოთეკა წიგნსაცავი 2018-12-17 0.50 304(479.223) პ-18 5977 2018-12-17 5977 2018-12-17 წიგნი 0.50